00522nam a22001577a 4500003000200000005001700002008004100019020002200060050002300082082002300105245007000128260006000198300002600258504005200284650002800336020231227144656.0231227b xxu||||| |||| 00| 0 eng d a978-621-409-144-7 aDS 675 b.J67 2019 aDS 675 b.J67 2019 aJose Rizal : a review on the life and works of the first Filipino aMandaluyong CitybBooks Atbp. Publishing Corp. cc2019. ax, 240 pages ;c22cm. aIncludes bibliographical references and index.  aRizal, Jose, 1861-1896.